El color del cristal /
Guardado en:
| Autor Principal: | |
|---|---|
| Otros Autores: | |
| Formato: | Libro |
| Idioma: | Undetermined |
| Publicado: |
Buenos Aires :
Ríos de Tina,
2021.
|
| Edición: | 2a ed. |
| Materias: | |
| Etiquetas: |
Agregar Etiqueta
Sin Etiquetas, Sea el primero en etiquetar este registro!
|
| LEADER | 01201nam a22002775a 4500 | ||
|---|---|---|---|
| 001 | CEM.cems019021 | ||
| 008 | 211104s2021####ag############000#0#und#d | ||
| 005 | 20221004164541.0 | ||
| 245 | 1 | 0 | |a El color del cristal / |c Nelvy Bustamante ; ilustrado por Natalia Ninomiya. |
| 250 | |a 2a ed. | ||
| 260 | |a Buenos Aires : |b Ríos de Tina, |c 2021. | ||
| 300 | |a 56 p. | ||
| 500 | |a Edición para Ministerio de Educación de la Nación Argentina. | ||
| 505 | 0 | |a El color del cristal -- El sueño de la mariposa -- El picapedrero -- Una tortuga -- La felicidad de los peces -- El fantasma -- La Magnolia -- El artista -- Huellas en la nieve -- El rumor -- El hacha -- Las líneas del destino -- Pájaros -- La hija de jade -- El secreto de la música | |
| 020 | |a 9789871789771 | ||
| 100 | 1 | |a Bustamante, Nelvy. | |
| 700 | 1 | |a Ninomiya, Natalia; il. | |
| 653 | |a Literatura | ||
| 653 | |a Literatura Argentina | ||
| 653 | |a Cuento | ||
| 653 | |a Cuento Argentino | ||
| 653 | |a Literatura Juvenil | ||
| 653 | |a Literatura Infantil | ||
| 653 | |a Colección Leer Abre Mundos | ||
| 859 | |a CEMS |b BIB. CEMS - Agricultura |h A868.4 |i B968 |p A3364.21 |t Ej.1 | ||
| 859 | |a CEMS |b BIB. CEMS - 11 de abril |h A868.4 |i B968 |p 29133.21 |t Ej. 1 | ||
